Ke mana ulat beluncas saya

Bibliographic Details
Main Author: Adibah Amin
Other Authors: Abraham, Beatrice
Format: Book
Published: Petaling Jaya : Longman , 1992
Series:Wauku bercerita
Subjects:

MARC

LEADER 00000cam a2200000 7i4500
001 0000001672
002 000001822
005 20000330.0
020 |a 9679767760 
090 0 0 |a JF   |b ADI 
100 0 |a Adibah Amin 
245 1 0 |a Ke mana ulat beluncas saya   |c Adibah Amin 
260 |a Petaling Jaya :   |b Longman ,   |c 1992 
300 |a 22p. :   |b ill. ;   |c 21cm. 
490 0 |a Wauku bercerita 
650 0 0 |a Children's stories, Malay 
700 1 |a Abraham, Beatrice 
999 |a 034264   |b BUKU   |c PINJAMAN   |e PERPUSTAKAAN KOMUNITI PETALING JAYA 
999 |a 034266   |b BUKU   |c PINJAMAN   |e PERPUSTAKAAN KOMUNITI PETALING JAYA